[Event "Olympiad"]
[Site "masterchessopen.com Salonika (Greece)"]
[Round "0"]
[White "Kondou Eva (GRE)"]
[Black "Laitinen Leena (FIN)"]
[Result "1-0"]
[WhiteElo "2187"]
[BlackElo "2005"]

1.e4 c5 2.Nf3 Nc6 3.d4 cxd4 4.Nxd4 Nf6 5.Nc3 d6 6.Bg5 e6 7.Qd2 a6 8.O-O-O Bd7
9.f4 e5 10.Nf5 Bxf5 11.exf5 Nd4 12.Qe1 Qb6 13.fxe5 Ng4 14.exd6+ Kd7 15.Kb1
Nxf5 16.Qe4 Nfe3 17.Nd5 Nxd5 18.Qxg4+ Kc6 19.Qe4 Qc5 20.c4 {#r} 1-0

[Event "Ch Romania"]
[Site "masterchessopen.com Bucharest (Romania)"]
[Round "0"]
[White "Pavlov Mircea (ROM)"]
[Black "Oltean Liviu-Ioan (ROM)"]
[Result "1-0"]
[WhiteElo "2355"]
[BlackElo "2350"]

1.e4 c5 2.Nf3 d6 3.d4 cxd4 4.Nxd4 Nf6 5.Nc3 Nc6 6.Bg5 e6 7.Qd2 a6 8.O-O-O Bd7
9.f4 h6 10.Bh4 Be7 11.Nf3 b5 12.e5 dxe5 13.fxe5 Nd5 14.Nxd5 Bxh4 15.Nxh4 exd5
16.Qxd5 Qg5+ 17.Kb1 O-O 18.Nf3 Qf4 19.e6 Bxe6 20.Qxc6 Rfc8 21.Rd4 Qf6 22.Qb7
{#r} 1-0

[Event "Ch Yugoslavia"]
[Site "masterchessopen.com Novi Sad (Yugoslavia)"]
[Round "0"]
[White "Ivanovic Bozidar (MNE)"]
[Black "Kozul Zdenko (CRO)"]
[Result "0-1"]
[WhiteElo "2515"]
[BlackElo "2380"]

1.e4 c5 2.Nf3 d6 3.d4 cxd4 4.Nxd4 Nf6 5.Nc3 Nc6 6.Bg5 e6 7.Qd2 a6 8.O-O-O Bd7
9.f4 b5 10.Nxc6 Bxc6 11.Bd3 Be7 12.Rhe1 O-O 13.Re3 h6 14.Bh4 e5 15.g3 g5
16.fxg5 Ng4 17.Rf3 hxg5 18.Rf5 f6 19.Rff1 Kh7 20.Kb1 Nh6 21.g4 gxh4 22.h3 Kg7
23.Qe1 Nf7 24.Qxh4 f5 25.Qh5 f4 26.Rxf4 Qe8 27.Rf5 Rh8 {#R} 0-1

[Event "It (open)"]
[Site "masterchessopen.com Philadelphia (USA)"]
[Round "0"]
[White "Byrne Robert E (USA)"]
[Black "Zaltsman Vitaly F (USA)"]
[Result "1-0"]
[WhiteElo "2434"]
[BlackElo "2410"]

1.e4 c5 2.Nf3 Nc6 3.d4 cxd4 4.Nxd4 Nf6 5.Nc3 d6 6.Bg5 e6 7.Qd2 a6 8.O-O-O Bd7
9.f4 b5 10.Bxf6 gxf6 11.Kb1 Qb6 12.Nxc6 Bxc6 13.f5 Qc5 14.Bd3 b4 15.Ne2 a5
16.Nf4 Bd7 17.b3 Qe5 18.g3 Rc8 19.Rhe1 Bh6 20.Bc4 Rc6 21.Qe2 Bxf4 22.gxf4 Qxf4
23.fxe6 fxe6 24.Qh5+ Ke7 25.Rg1 Be8 26.Qxa5 Qh6 27.Bb5 {#r} 1-0

[Event "Ch Sweden"]
[Site "masterchessopen.com Uppsala (Sweden)"]
[Round "0"]
[White "Hellers Ferdinand (SWE)"]
[Black "Schutz Ingemar (SWE)"]
[Result "1-0"]
[WhiteElo "2380"]
[BlackElo "2194"]

1.e4 c5 2.Nf3 d6 3.d4 cxd4 4.Nxd4 Nf6 5.Nc3 Nc6 6.Bg5 e6 7.Qd2 a6 8.O-O-O Bd7
9.f4 h6 10.Bh4 Rc8 11.Nf3 Qa5 12.Bxf6 gxf6 13.Bc4 Qc5 14.Bb3 Na5 15.f5 b5
16.fxe6 fxe6 17.e5 f5 18.exd6 Nxb3+ 19.axb3 Rc6 20.Qe2 Bg7 21.Nd5 Kf7 22.Nf4
Rhc8 23.Rd2 Rxd6 24.Nd3 Rxd3 25.Qxd3 Bc6 26.Rhd1 Bd5 27.g4 fxg4 28.Nh4 Qe7
29.Qg6+ Kf8 30.Rxd5 Qxh4 31.Qxe6 {#r} 1-0

[Event "It"]
[Site "masterchessopen.com Vrnjacka Banja (Serbia)"]
[Round "5"]
[White "Kurtenkov Atanas (BUL)"]
[Black "Paunovic Dragan (SRB)"]
[Result "1-0"]
[WhiteElo "2420"]
[BlackElo "2512"]

1.e4 c5 2.Ne2 Nc6 3.d4 cxd4 4.Nxd4 Nf6 5.Nc3 d6 6.Bg5 e6 7.Qd2 a6 8.O-O-O Bd7
9.Kb1 b5 10.Bxb5 axb5 11.Ndxb5 Ra5 12.Bh4 Qb8 13.Nxd6+ Bxd6 14.Qxd6 Qxd6
15.Rxd6 g5 16.Bg3 Ke7 17.Rhd1 Rc8 18.f3 Be8 19.b3 Nb4 20.Rb6 Nfd5 21.exd5 Nxd5
22.Nxd5+ Rxd5 23.Rxd5 exd5 24.Bb8 Bd7 25.a4 d4 26.Bd6+ Kf6 27.Bc5+ Ke5
28.Bxd4+ {#r} 1-0

[Event "Bundesliga 1985/86"]
[Site "masterchessopen.com Germany"]
[Round "0"]
[White "Steinbacher Matthias Dr (GER)"]
[Black "Hort Vlastimil (GER)"]
[Result "0-1"]
[WhiteElo "2228"]
[BlackElo "2545"]

1.Nf3 c5 2.e4 Nc6 3.d4 cxd4 4.Nxd4 Nf6 5.Nc3 d6 6.Bg5 e6 7.Qd2 a6 8.O-O-O Bd7
9.f3 Be7 10.g4 h5 11.gxh5 Nxh5 12.Bxe7 Qxe7 13.Rg1 Rd8 14.Nce2 Qf6 15.Nxc6
Bxc6 16.Nd4 Bd7 17.Kb1 Nf4 18.Nf5 exf5 19.Qxf4 Qe5 20.Qxe5+ dxe5 21.Rxg7 Ke7
22.Kc1 fxe4 23.fxe4 Rxh2 24.Bc4 Rf2 25.Rd5 Rc8 26.Bd3 Ke6 27.Rg1 Bb5 28.c3 Bc6
29.Ra5 Rh8 30.Bc4+ Kf6 31.Re1 Bxe4 {#R} 0-1

[Event "?"]
[Site "masterchessopen.com Nikea (Romania)"]
[Round "0"]
[White "Antonov Vladimir (BUL)"]
[Black "Stoica Valentin (ROM)"]
[Result "0-1"]
[WhiteElo "2338"]
[BlackElo "2455"]

1.e4 c5 2.Nf3 Nc6 3.d4 cxd4 4.Nxd4 Nf6 5.Nc3 d6 6.Bg5 e6 7.Qd2 a6 8.O-O-O Bd7
9.Qe1 Be7 10.Nxc6 Bxc6 11.e5 Nd5 12.Bxe7 Qxe7 13.Ne4 dxe5 14.c4 Nf6 15.Nd6+
Kf8 16.Qxe5 Ne8 17.c5 Nxd6 18.Rxd6 Bd5 19.Kb1 Rc8 20.b4 Qh4 21.Qc3 a5 22.a3
axb4 23.axb4 Ra8 24.Bb5 Qxf2 25.Re1 Ra1+ {#R} 0-1

[Event "It (open)"]
[Site "masterchessopen.com Prague (Czech Republic)"]
[Round "0"]
[White "Stoinev Metodi (BUL)"]
[Black "Wirius Johannes (AUT)"]
[Result "0-1"]
[WhiteElo "2270"]
[BlackElo "2125"]

1.e4 c5 2.Nf3 d6 3.d4 cxd4 4.Nxd4 Nf6 5.Nc3 Nc6 6.Bg5 e6 7.Qd2 a6 8.O-O-O Bd7
9.Nb3 b5 10.Bd3 Be7 11.Bf4 Ne5 12.Bxe5 dxe5 13.g4 Nxg4 14.Kb1 b4 15.Na4 Bxa4
16.Qe2 Nf6 17.Bb5+ Bxb5 18.Rxd8+ Rxd8 19.Qe3 O-O 20.f4 exf4 21.Qxf4 Rd7 22.Rg1
Rfd8 23.Kc1 Be2 24.Kb1 Rd1+ 25.Rxd1 Rxd1+ 26.Nc1 g6 27.b3 Bb5 28.a3 bxa3 29.c4
Bc6 30.Ka2 Nxe4 {#R} 0-1

[Event "?"]
[Site "masterchessopen.com Stary Smokovec (Slovakia)"]
[Round "0"]
[White "Gazik Igor (SVK)"]
[Black "Horvath Ivan (HUN)"]
[Result "1-0"]
[WhiteElo "2328"]
[BlackElo "2026"]

1.e4 c5 2.Nf3 d6 3.d4 cxd4 4.Nxd4 Nf6 5.Nc3 Nc6 6.Bg5 e6 7.Qd2 a6 8.O-O-O Bd7
9.f4 b5 10.Nxc6 Bxc6 11.Bd3 Qb6 12.e5 Nd5 13.f5 Nxc3 14.Qxc3 d5 15.fxe6 fxe6
16.Be2 Bc5 17.Rhf1 Rf8 18.Bg4 Bd7 19.Qh3 Rxf1 20.Rxf1 Be7 21.Bxe7 Kxe7 22.Qh4+
Ke8 23.Bh5+ g6 24.Bxg6+ hxg6 25.Qh8+ Ke7 26.Qf6+ Ke8 27.Qf8# 1-0

[Event "It (open) \"]
[Site "masterchessopen.com Cologne (Germany)"]
[Round "0"]
[White "Vujakovic Branko (CRO)"]
[Black "Dahl B (NOR)"]
[Result "0-1"]
[WhiteElo "2374"]
[BlackElo "2310"]

1.e4 c5 2.Nf3 Nc6 3.d4 cxd4 4.Nxd4 Nf6 5.Nc3 d6 6.Bg5 e6 7.Qd2 a6 8.O-O-O Bd7
9.f4 b5 10.Bxf6 gxf6 11.Kb1 Qb6 12.Nxc6 Bxc6 13.f5 b4 14.Ne2 e5 15.Ng3 Qc5
16.Nh5 Ke7 17.Bd3 Rg8 18.Qe2 Bh6 19.Rhe1 a5 20.b3 a4 21.Bc4 axb3 22.Bxb3 Ra3
23.g4 Bb5 24.Qf3 Bc4 25.h4 Bxb3 26.cxb3 Rxa2 27.Qd3 Rga8 28.Qc4 Ra1+ 29.Kc2
R8a2+ 30.Kd3 Rxd1+ 31.Rxd1 Qe3# 0-1

[Event "Bundesliga 1987/88 (2nd)"]
[Site "masterchessopen.com Germany"]
[Round "0"]
[White "Ostojic Predrag (YUG)"]
[Black "Gschnitzer Oswald (GER)"]
[Result "1-0"]
[WhiteElo "2325"]
[BlackElo "2456"]

1.e4 c5 2.Nf3 Nc6 3.d4 cxd4 4.Nxd4 Nf6 5.Nc3 d6 6.Bg5 e6 7.Qd2 a6 8.O-O-O Bd7
9.f4 b5 10.Nxc6 Bxc6 11.Bd3 Be7 12.Qe1 b4 13.Bxf6 Bxf6 14.Nd5 a5 15.Rf1 O-O
16.Nxf6+ Qxf6 17.g4 Rab8 18.g5 Qe7 19.Qg3 Qb7 20.Rfe1 a4 21.f5 a3 22.b3 exf5
23.exf5 Bf3 24.f6 Bxd1 25.Qh4 h5 26.gxh6 g6 27.h7+ {#r} 1-0

[Event "corr."]
[Site "masterchessopen.com Hungary"]
[Round "0"]
[White "Timar Zsolt (HUN)"]
[Black "Balatoni Gyorgy (HUN)"]
[Result "1-0"]
[WhiteElo "2119"]
[BlackElo "1849"]

1.e4 c5 2.Nf3 Nc6 3.d4 cxd4 4.Nxd4 Nf6 5.Nc3 d6 6.Bg5 e6 7.Qd2 a6 8.O-O-O Bd7
9.f4 h6 10.Bh4 Rc8 11.Nf3 Qa5 12.Kb1 b5 13.e5 b4 14.exf6 bxc3 15.fxg7 cxd2
16.gxh8=Q Nb4 17.a3 Nxc2 18.Nxd2 Nxa3+ 19.bxa3 Rb8+ 20.Ka2 d5 21.Nb1 Qa4
22.Bd3 Qb3+ 23.Ka1 d4 24.Rd2 Bc6 25.Qxd4 {#r} 1-0

[Event "?"]
[Site "masterchessopen.com Kolhapur (India)"]
[Round "0"]
[White "Tilak Sharad S (IND)"]
[Black "Damljanovic Branko (SRB)"]
[Result "0-1"]
[WhiteElo "2287"]
[BlackElo "2500"]

1.e4 c5 2.Nf3 Nc6 3.d4 cxd4 4.Nxd4 Nf6 5.Nc3 d6 6.Bg5 e6 7.Qd2 a6 8.O-O-O Bd7
9.f4 b5 10.Bxf6 gxf6 11.Nxc6 Bxc6 12.Bd3 Qb6 13.f5 b4 14.Ne2 e5 15.Bc4 Rc8
16.Bd5 Bb5 17.Kb1 a5 18.c4 Ba6 19.g4 Rg8 20.Rhg1 Rc7 21.h3 h5 22.Ng3 hxg4
23.Nh5 Be7 24.Qh6 Bxc4 25.Bxc4 Rxc4 26.hxg4 b3 27.Nxf6+ Bxf6 28.Qxf6 bxa2+
29.Ka1 Rc2 {#R} 0-1

[Event "?"]
[Site "masterchessopen.com Berlin (Germany)"]
[Round "6"]
[White "Domont Alexandre (SUI)"]
[Black "Kraut Rainer (GER)"]
[Result "0-1"]
[WhiteElo "2361"]
[BlackElo "2444"]

1.e4 c5 2.Nf3 Nc6 3.d4 cxd4 4.Nxd4 Nf6 5.Nc3 d6 6.Bg5 e6 7.Qd2 a6 8.O-O-O Bd7
9.Nb3 b5 10.f4 Be7 11.Bxf6 gxf6 12.h4 b4 13.Ne2 Qb6 14.Rh3 a5 15.Nbd4 a4
16.Nxc6 Bxc6 17.Nd4 Bd7 18.Re3 Qc5 19.Kb1 Rb8 20.b3 Bf8 21.Bc4 Bh6 22.c3 Qxc4
23.Qb2 axb3 24.axb3 bxc3 25.Rxc3 Qa6 {#R} 0-1

[Event "Cup Arnold"]
[Site "masterchessopen.com Gausdal (Norway)"]
[Round "0"]
[White "Tisdall Jonathan D (NOR)"]
[Black "Mednis Edmar J (USA)"]
[Result "1-0"]
[WhiteElo "2425"]
[BlackElo "2435"]

1.e4 c5 2.Nf3 Nc6 3.d4 cxd4 4.Nxd4 Nf6 5.Nc3 d6 6.Bg5 e6 7.Qd2 a6 8.O-O-O Bd7
9.f3 Be7 10.h4 Nxd4 11.Qxd4 Bc6 12.g4 h6 13.Be3 Nd7 14.Kb1 Bxh4 15.Qxd6 Qe7
16.Qc7 Bf6 17.Bf4 Bxc3 18.bxc3 e5 19.Be3 O-O 20.g5 Rfc8 21.Qa5 hxg5 22.Rd2 Nf8
23.Rdh2 Ng6 24.Bh3 Bd7 25.Bf5 Be6 26.Qb4 Qd7 27.Rh8+ {#r} 1-0

[Event "Ch India"]
[Site "masterchessopen.com India"]
[Round "0"]
[White "Anand Viswanathan (IND)"]
[Black "Ganesan Sankar (IND)"]
[Result "1-0"]
[WhiteElo "2555"]
[BlackElo "2270"]

1.e4 c5 2.Nf3 Nc6 3.d4 cxd4 4.Nxd4 Nf6 5.Nc3 d6 6.Bg5 e6 7.Qd2 a6 8.O-O-O Bd7
9.f4 b5 10.Bxf6 gxf6 11.Nxc6 Bxc6 12.Qe1 Be7 13.Bd3 Qb6 14.Kb1 b4 15.Ne2 a5
16.f5 Qe3 17.fxe6 fxe6 18.Rf1 Qc5 19.Nf4 Bd7 20.Qe2 a4 21.Bc4 a3 22.Bxe6 Bb5
23.Nd3 axb2 24.Rf5 {#r} 1-0

[Event "It"]
[Site "masterchessopen.com Tampere (Finland)"]
[Round "0"]
[White "Ebeling Mika (FIN)"]
[Black "Luik Helmuth (EST)"]
[Result "0-1"]
[WhiteElo "2268"]
[BlackElo "2209"]

1.e4 c5 2.Nf3 Nc6 3.d4 cxd4 4.Nxd4 Nf6 5.Nc3 d6 6.Bg5 e6 7.Qd2 a6 8.O-O-O Bd7
9.Be2 Rc8 10.f4 Qb6 11.Nb3 Nb4 12.Bf3 a5 13.e5 a4 14.Qd4 Qxd4 15.Nxd4 dxe5
16.fxe5 Nfd5 17.Nxd5 Nxd5 18.a3 b6 19.Bxd5 exd5 20.Be3 Be7 21.Ne2 Be6 22.Nc3
Bxa3 23.Nb5 Bc5 24.Rhe1 a3 25.b3 O-O 26.Kb1 Bf5 27.Rxd5 Bxe3 28.Rxe3 a2+
29.Kxa2 Rxc2+ 30.Ka3 Rxg2 31.e6 fxe6 {#R} 0-1

[Event "It (cat.15)"]
[Site "masterchessopen.com Belgrade (Yugoslavia)"]
[Round "0"]
[White "Short Nigel D (ENG)"]
[Black "Kozul Zdenko (CRO)"]
[Result "0-1"]
[WhiteElo "2660"]
[BlackElo "2560"]

1.e4 c5 2.Nf3 d6 3.d4 cxd4 4.Nxd4 Nf6 5.Nc3 Nc6 6.Bg5 e6 7.Qd2 a6 8.O-O-O Bd7
9.f4 b5 10.Bxf6 gxf6 11.Kb1 Qb6 12.Nxc6 Bxc6 13.Bd3 b4 14.Ne2 h5 15.Rhf1 a5
16.f5 e5 17.Ng1 Qc5 18.Qe2 a4 19.Bc4 Ke7 20.Nh3 Bh6 21.Rf3 Rhc8 22.b3 axb3
23.cxb3 Ra3 24.Rfd3 Rca8 25.Re1 Qa7 26.Qxh5 Be8 27.Qxh6 Rxa2 28.Rd2 Rxd2
29.Qxd2 Qa1+ 30.Kc2 Ra2+ 31.Kd3 Qd4+ {#R} 0-1

[Event "Bundesliga 1988/89"]
[Site "masterchessopen.com Germany"]
[Round "0"]
[White "Krieger Hermann (GER)"]
[Black "Ueter Heinz-Dieter (GER)"]
[Result "1-0"]
[WhiteElo "2200"]
[BlackElo "2187"]

1.e4 c5 2.Nf3 d6 3.d4 cxd4 4.Nxd4 Nf6 5.Nc3 Nc6 6.Bg5 e6 7.Qd2 a6 8.O-O-O Bd7
9.Be2 b5 10.Nxc6 Bxc6 11.Qe3 Qa5 12.Nd5 Bxd5 13.exd5 Be7 14.Kb1 e5 15.f4 exf4
16.Qxf4 Qc7 17.Rhf1 O-O 18.Bd3 Rfe8 19.Qh4 Kf8 20.Rxf6 gxf6 21.Qh6+ {#r} 1-0

[Event "It (open)"]
[Site "masterchessopen.com Liechtenstein"]
[Round "0"]
[White "Mazi Leon (SLO)"]
[Black "Kozul Zdenko (CRO)"]
[Result "0-1"]
[WhiteElo "2352"]
[BlackElo "2560"]

1.e4 c5 2.Nf3 d6 3.d4 cxd4 4.Nxd4 Nf6 5.Nc3 Nc6 6.Bg5 e6 7.Qd2 a6 8.O-O-O Bd7
9.f3 Rc8 10.Kb1 Be7 11.h4 O-O 12.g4 b5 13.Nxc6 Bxc6 14.Bd3 Qc7 15.h5 Rfd8
16.Qf4 b4 17.Ne2 Bb5 18.Rc1 Qa5 19.h6 Rc5 20.hxg7 b3 21.axb3 Rxg5 22.b4 Qxb4
23.c4 Ba4 24.Qxg5 Rb8 25.Rc2 Bxc2+ 26.Kxc2 Qb3+ 27.Kc1 Qxd3 {#R} 0-1

[Event "It (open)"]
[Site "masterchessopen.com Philadelphia (USA)"]
[Round "0"]
[White "Strenzwilk Denis (USA)"]
[Black "Wolski Thomas (GER)"]
[Result "1-0"]
[WhiteElo "2017"]
[BlackElo "2309"]

1.e4 c5 2.Nf3 d6 3.d4 cxd4 4.Nxd4 Nf6 5.Nc3 a6 6.Bg5 Nc6 7.Qd2 e6 8.O-O-O Bd7
9.f4 b5 10.Nf3 Qa5 11.Kb1 b4 12.Bxf6 gxf6 13.Ne2 Qb6 14.f5 e5 15.Ng3 h5 16.Be2
O-O-O 17.Nf1 Bh6 18.Qd5 Be8 19.N1d2 Bxd2 20.Rxd2 Kb8 21.Rhd1 Ne7 22.Qb3 d5
23.c3 a5 24.Bc4 Ba4 25.Qxa4 bxc3 26.Rc2 dxe4 27.Rxc3 Nc6 28.Bd5 Nb4 29.Bxe4
Rxd1+ 30.Qxd1 Rd8 31.Qe2 {#r} 1-0

[Event "It (active)"]
[Site "masterchessopen.com San Mateo (Puerto Rico)"]
[Round "0"]
[White "Tomkins Ken (USA)"]
[Black "Ivanov Alexander (USA)"]
[Result "0-1"]
[WhiteElo "2345"]
[BlackElo "2523"]

1.e4 c5 2.Nf3 d6 3.d4 cxd4 4.Nxd4 Nf6 5.Nc3 Nc6 6.Bg5 e6 7.Qd2 a6 8.O-O-O Bd7
9.f3 Be7 10.g4 Rc8 11.h4 Ne5 12.Be3 b5 13.g5 Nh5 14.f4 Nc4 15.Bxc4 Rxc4
16.Rhg1 g6 17.f5 b4 18.Qe2 Qc7 19.Nb1 e5 20.Nb3 gxf5 21.c3 Rxe4 22.Qxh5 Rxe3
23.g6 fxg6 24.Rxg6 hxg6 25.Qxh8+ Bf8 26.Qg8 Rg3 27.h5 f4 28.h6 bxc3 29.h7 c2
30.Qxf8+ Kxf8 31.h8=Q+ {#R} 0-1

[Event "Ch Spain"]
[Site "masterchessopen.com Spain"]
[Round "6"]
[White "Martinez Fernando Semprun (ESP)"]
[Black "Larios Crespo Manuel (ESP)"]
[Result "0-1"]
[WhiteElo "2149"]
[BlackElo "2025"]

1.e4 c5 2.Nf3 d6 3.d4 cxd4 4.Nxd4 Nf6 5.Nc3 Nc6 6.Bg5 e6 7.Qd2 a6 8.O-O-O Bd7
9.f3 b5 10.Nxc6 Bxc6 11.Qd4 Be7 12.Bxf6 gxf6 13.Be2 Qa5 14.Rhe1 O-O 15.Nd5
Bxd5 16.exd5 f5 17.f4 Qxa2 18.Rd3 Bh4 19.g3 e5 20.Qe3 Bf6 21.fxe5 Bxe5 22.Kd2
Qxb2 23.Bh5 Rac8 24.Qg5+ Bg7 25.Bd1 Rc3 26.Qxf5 Rfc8 27.Qd7 Bh6+ 28.Ke2 Rxc2+
29.Bxc2 Qxc2+ {#R} 0-1

[Event "Izt (w)"]
[Site "masterchessopen.com Azov (Russia)"]
[Round "6"]
[White "Battsetseg Tsagaan (USA)"]
[Black "Galliamova Alisa (RUS)"]
[Result "1-0"]
[WhiteElo "2230"]
[BlackElo "2365"]

1.e4 c5 2.Nf3 d6 3.d4 cxd4 4.Nxd4 Nf6 5.Nc3 Nc6 6.Bg5 e6 7.Qd2 a6 8.O-O-O Bd7
9.f3 b5 10.Nxc6 Bxc6 11.Bd3 Be7 12.Kb1 O-O 13.h4 h6 14.Bxh6 gxh6 15.Qxh6 e5
16.Rh3 {#r} 1-0

[Event "It"]
[Site "masterchessopen.com Eger (Hungary)"]
[Round "0"]
[White "Kure Alexander (GER)"]
[Black "Madl Ildiko (HUN)"]
[Result "0-1"]
[WhiteElo "2245"]
[BlackElo "2399"]

1.e4 c5 2.Nf3 d6 3.d4 cxd4 4.Nxd4 Nf6 5.Nc3 Nc6 6.Bg5 e6 7.Qd2 a6 8.O-O-O Bd7
9.Nxc6 Bxc6 10.f3 Qa5 11.h4 O-O-O 12.Kb1 h6 13.Be3 d5 14.exd5 Bb4 15.a3 Bxc3
16.Qxc3 Qxc3 17.bxc3 Nxd5 {#R} 0-1

[Event "Ch URS (w)"]
[Site "masterchessopen.com Podolsk (Russia)"]
[Round "0"]
[White "Erneste Inguna (LAT)"]
[Black "Prudnikova Svetlana (SRB)"]
[Result "1-0"]
[WhiteElo "2218"]
[BlackElo "2349"]

1.e4 c5 2.Nf3 Nc6 3.d4 cxd4 4.Nxd4 Nf6 5.Nc3 d6 6.Bg5 e6 7.Qd2 a6 8.O-O-O Bd7
9.f4 b5 10.Nxc6 Bxc6 11.Qe1 Be7 12.e5 Nd5 13.Bxe7 Qxe7 14.Ne4 dxe5 15.fxe5 O-O
16.Bd3 Nf4 17.Kb1 Nxd3 18.Rxd3 Rad8 19.Nf6+ gxf6 20.Qh4 {#r} 1-0

[Event "Ch World (juniors) (under 16)"]
[Site "masterchessopen.com Singapore"]
[Round "0"]
[White "Nutiu Horia (ROM)"]
[Black "Maiwald Jens-Uwe (GER)"]
[Result "0-1"]
[WhiteElo "2250"]
[BlackElo "2459"]

1.e4 c5 2.Nf3 Nc6 3.d4 cxd4 4.Nxd4 Nf6 5.Nc3 d6 6.Bg5 e6 7.Qd2 a6 8.O-O-O Bd7
9.f4 b5 10.e5 dxe5 11.fxe5 Nxe5 12.Qe1 Qc7 13.Kb1 Bd6 14.Bxb5 O-O 15.Bxf6 axb5
16.Ne4 Rxa2 17.Kxa2 Ra8+ 18.Kb1 Qa7 19.Nb3 Qa2+ 20.Kc1 Nc4 21.Ned2 Bf4 {#R}
0-1

[Event "It"]
[Site "masterchessopen.com Aarhus (Denmark)"]
[Round "4"]
[White "Sogaard Soren (DEN)"]
[Black "Jakobsen Peter (DEN)"]
[Result "1-0"]
[WhiteElo "2335"]
[BlackElo "2330"]

1.e4 c5 2.Nf3 d6 3.d4 cxd4 4.Nxd4 Nf6 5.Nc3 Nc6 6.Bg5 e6 7.Qd2 a6 8.O-O-O Bd7
9.Be2 b5 10.Nxc6 Bxc6 11.Qe3 Qe7 12.Bf3 Qa7 13.Qe2 Be7 14.e5 Bxf3 15.Qxf3 dxe5
16.Qc6+ Kf8 17.Bxf6 gxf6 18.Rd7 Qb8 19.Ne4 Qc8 20.Rc7 Qe8 21.Qb7 Rd8 22.Rd1
Rxd1+ 23.Kxd1 f5 24.Rc8 Bd8 25.Nd6 Qe7 26.Rxd8+ {#r} 1-0

[Event "Ch Yugoslavia"]
[Site "masterchessopen.com Banja Vrucica (Bosnia & Herzegovina)"]
[Round "0"]
[White "Popovic Petar (SRB)"]
[Black "Kozul Zdenko (CRO)"]
[Result "1-0"]
[WhiteElo "2485"]
[BlackElo "2560"]

1.e4 c5 2.Nf3 d6 3.d4 cxd4 4.Nxd4 Nf6 5.Nc3 Nc6 6.Bg5 e6 7.Qd2 a6 8.O-O-O Bd7
9.f4 b5 10.Bxf6 gxf6 11.Kb1 Qb6 12.Nce2 Na5 13.Ng3 h5 14.Be2 Nc4 15.Qc3 Qc5
16.Qf3 Rc8 17.Nxh5 Nxb2 18.Nxf6+ Ke7 19.Nxd7 Kxd7 20.Kxb2 Bg7 21.e5 Ke7
22.Rhf1 Rhd8 23.Kb1 a5 24.f5 Bxe5 25.fxe6 f6 26.Qh5 Qb4+ 27.Nb3 Rf8 28.Qh7+
Kxe6 29.Bd3 {#r} 1-0

[Event "It (open)"]
[Site "masterchessopen.com Biel (Switzerland)"]
[Round "10"]
[White "Hoffmann Michael (GER)"]
[Black "Tukmakov Vladimir B (UKR)"]
[Result "0-1"]
[WhiteElo "2465"]
[BlackElo "2520"]

1.e4 c5 2.Nf3 Nc6 3.d4 cxd4 4.Nxd4 Nf6 5.Nc3 d6 6.Bg5 e6 7.Qd2 a6 8.O-O-O Bd7
9.Be2 h6 10.Bh4 Rc8 11.f4 Nxe4 12.Nxe4 Qxh4 13.Nf3 Qe7 14.Qe3 Qd8 15.Nxd6+
Bxd6 16.Rxd6 Nb4 17.c3 Qa5 18.Qb6 Nxa2+ 19.Kd2 Qf5 20.Qd4 Bb5 21.Bxb5+ Qxb5
22.Rb6 Qa5 23.Ra1 Rd8 24.Rd6 Ke7 {#R} 0-1

[Event "It (open) \"]
[Site "masterchessopen.com Cologne (Germany)"]
[Round "1"]
[White "Kovalev Andrei (BLR)"]
[Black "Auer Martin (GER)"]
[Result "1-0"]
[WhiteElo "2520"]
[BlackElo "2292"]

1.e4 c5 2.Nf3 d6 3.d4 cxd4 4.Nxd4 Nf6 5.Nc3 Nc6 6.Bg5 e6 7.Qd2 a6 8.O-O-O Bd7
9.f4 b5 10.Bxf6 gxf6 11.Nxc6 Bxc6 12.Qe1 Qb6 13.Nd5 Bxd5 14.exd5 e5 15.Bd3
O-O-O 16.Kb1 Be7 17.Rf1 Rdf8 18.c4 b4 19.c5 dxc5 20.fxe5 fxe5 21.Qxe5 Bd6
22.Rf6 Bxe5 23.Rxb6 Bxh2 24.d6 f5 25.Rf1 Kd7 26.Bxf5+ Rxf5 27.Rxf5 Bxd6 28.Rd5
{#r} 1-0

[Event "It (open)"]
[Site "masterchessopen.com Espoo (Finland)"]
[Round "5"]
[White "Pulkkinen Kari (FIN)"]
[Black "Karner Hillar (EST)"]
[Result "1-0"]
[WhiteElo "2263"]
[BlackElo "2251"]

1.e4 c5 2.Nf3 Nc6 3.d4 cxd4 4.Nxd4 Nf6 5.Nc3 d6 6.Bg5 e6 7.Qd2 a6 8.O-O-O Bd7
9.f4 b5 10.Bxf6 gxf6 11.g3 Rc8 12.Kb1 Na5 13.Bh3 Nc4 14.Qe2 Qa5 15.Nd5 Be7
16.Rhe1 Bd8 17.Qg4 Kf8 18.Qh5 Kg7 19.e5 f5 20.Nf6 h6 21.Nxd7 Nxb2 22.Bxf5 Na4
23.Nxe6+ Kg8 24.Qg4+ {#r} 1-0

[Event "Ch Sweden"]
[Site "masterchessopen.com Helsingborg (Sweden)"]
[Round "0"]
[White "Winsnes Rikard (SWE)"]
[Black "Schneider Lars-Ake (SWE)"]
[Result "0-1"]
[WhiteElo "2330"]
[BlackElo "2364"]

1.e4 c5 2.Nf3 Nc6 3.d4 cxd4 4.Nxd4 Nf6 5.Nc3 d6 6.Bg5 e6 7.Qd2 a6 8.O-O-O Bd7
9.f3 Be7 10.h4 Qc7 11.g4 h5 12.gxh5 Nxh5 13.Bxe7 Nxe7 14.f4 O-O-O 15.Nde2 Bc6
16.Rh3 d5 17.e5 Nf5 18.Nd4 Nhg3 19.Qe1 Nxd4 20.Rxd4 Nf5 21.Rb4 Qe7 22.Na4 Bxa4
23.Rc3+ Kb8 24.Rxa4 Qxh4 25.Qd1 d4 26.Rf3 Ne3 27.Qe2 Qh1 28.Rb4 Rd7 29.Rf2 Rc8
30.Qd3 Qg1 31.Qxa6 Nd5 {#R} 0-1

[Event "It (open)"]
[Site "masterchessopen.com Mexico"]
[Round "0"]
[White "Rodriguez Amador (ESP)"]
[Black "Lares Manuel (MEX)"]
[Result "1-0"]
[WhiteElo "2441"]
[BlackElo "2268"]

1.e4 c5 2.Nf3 d6 3.d4 cxd4 4.Nxd4 Nf6 5.Nc3 a6 6.Bg5 Bd7 7.Qd2 Nc6 8.O-O-O e6
9.f4 Qc7 10.Nf3 O-O-O 11.Kb1 Be7 12.Bd3 Be8 13.Rhe1 Nb4 14.a3 Nxd3 15.cxd3 Kb8
16.Rc1 Bc6 17.Bh4 Qa5 18.Bf2 d5 19.Qe3 Kc7 20.Nd4 Kc8 21.Nxc6 bxc6 22.Qa7 Qc7
23.Qxa6+ Qb7 24.Qa5 Kd7 25.Na4 Rb8 26.Nb6+ Ke8 27.Qa4 {#r} 1-0

[Event "It (cat.10) \"]
[Site "masterchessopen.com Stary Smokovec (Slovakia)"]
[Round "3"]
[White "Gazik Igor (SVK)"]
[Black "Popovic Petar (SRB)"]
[Result "0-1"]
[WhiteElo "2395"]
[BlackElo "2485"]

1.e4 c5 2.Nf3 Nc6 3.d4 cxd4 4.Nxd4 Nf6 5.Nc3 d6 6.Bg5 e6 7.Qd2 a6 8.O-O-O Bd7
9.f3 Rc8 10.g4 h6 11.Be3 Ne5 12.h4 b5 13.Bd3 b4 14.Nce2 d5 15.exd5 Nxd5 16.Nf4
Nxd3+ 17.Qxd3 Nxe3 18.Qxe3 Bc5 19.Nh5 O-O 20.g5 Qc7 21.Rd2 Ba4 22.gxh6 Bxc2
23.hxg7 Bg6 24.gxf8=Q+ Bxf8+ 25.Nc2 Bxc2 26.Nf6+ Kh8 27.Ne8 Qc6 28.Qe5+ Kg8
29.Rd6 Bh6+ {#R} 0-1

[Event "It (open)"]
[Site "masterchessopen.com Val Thorens (France)"]
[Round "0"]
[White "Joly Fabrice (FRA)"]
[Black "Degerman Lars (SWE)"]
[Result "1-0"]
[WhiteElo "2060"]
[BlackElo "2405"]

1.e4 c5 2.Nf3 Nc6 3.d4 cxd4 4.Nxd4 Nf6 5.Nc3 d6 6.Bg5 e6 7.Qd2 a6 8.O-O-O Bd7
9.Bc4 b5 10.Bxf6 Qxf6 11.Bxb5 axb5 12.Ndxb5 Ra5 13.Nxd6+ Bxd6 14.Qxd6 Qe7
15.a3 Qxd6 16.Rxd6 Ke7 17.Rhd1 Rd8 18.g3 Be8 19.Rxd8 Nxd8 20.Kd2 g5 21.f3 Nc6
22.Ke3 f5 23.exf5 Rxf5 24.Ne4 Bg6 25.Nd6 Rf8 26.c3 Ne5 27.Ne4 g4 28.f4 Bxe4
{#r} 1-0